| 000 | 00475nam a22001817a 4500 | ||
|---|---|---|---|
| 008 | 170724b xxu||||| |||| 00| p tur d | ||
| 020 | _a9786055945893 | ||
| 041 | _atur | ||
| 050 | _aPL248.B673 | ||
| 100 |
_9727 _aOnur Bozkurt |
||
| 245 | _aDüşlü Geçmiş | ||
| 250 | _aBirinci Baskı | ||
| 260 |
_aAnkara _bHayal Yayınları _cŞubat 2011 |
||
| 300 | _a75 sayfa | ||
| 500 | _aHayal Yayınları Şiir Dizisi: 55 | ||
| 650 | 0 |
_9145 _aTürk Edebiyatı |
|
| 942 |
_2lcc _cBK |
||
| 999 |
_c1214 _d1192 |
||